Trouve le nom des drapeaux - Statistiques

Statistiques générales
  • Ce quiz a été pris 153 fois
  • Le résultat moyen est 13 sur 15
Statistiques - réponses
Par images Réponse % Correct
Allemagne
98%
Espagne
98%
France
98%
Brésil
96%
Chine
96%
australie
94%
Etats Unis
94%
Maroc
94%
Inde
92%
Sénégal
84%
Arabie Saoudite
83%
Côte d'Ivoire
77%
Venezuela
70%
Ouganda
55%
Philippines
53%
Aucun quiz correspondant
Distribution des résultats
% des personnes avec chaque résultat
Percentile par nombre de réponses
Votre historique - résultats
Vous n’avez pas pris ce quiz